000 00495nam a22001697a 4500
005 20251108164347.0
008 250721s1999 xx 000 0 ara d
082 1 4 _a927.83/كلث
100 1 _aالمحلاوي، حنفي
245 1 0 _aأم كلثوم :
_bالحب - الزواج - الأصدقاء /
264 1 _aالقاهرة :
_bنهضة مصر للطباعة،
_c1999.
300 _a135ص
650 1 7 _aالغناء
650 1 7 _aالمغنون
942 _2ddc
_cBK
999 _c10275
_d10275